|
|
|
|
| LEADER |
01392nam a2200337 a 4500 |
| 001 |
000545529 |
| 003 |
CZ BrMZK |
| 005 |
20240412133518.0 |
| 007 |
ta |
| 008 |
980227s1958 xr f 000 0 cze d |
| 015 |
|
|
|a cnb000512736
|
| 035 |
|
|
|a (OCoLC)85320241
|
| 040 |
|
|
|a BOA001
|b cze
|
| 041 |
0 |
|
|a cze
|a rus
|
| 100 |
1 |
|
|a Hofman, Antonín,
|d 1912-
|7 jk01041542
|4 aut
|
| 245 |
1 |
0 |
|a Ruský slovní přízvuk /
|c Antonín Hofmann
|
| 250 |
|
|
|a 1. vyd.
|
| 260 |
|
|
|a Praha :
|b Státní pedagogické nakladatelství,
|c 1958
|
| 300 |
|
|
|a 135 s. ;
|c 8°
|
| 490 |
1 |
|
|a Pomocné knihy pro učitele
|
| 504 |
|
|
|a Obsahuje bibliografii a bibliografické odkazy
|
| 830 |
|
0 |
|a Pomocné knihy pro učitele
|0 s
|
| 856 |
4 |
1 |
|u http://www.digitalniknihovna.cz/mzk/uuid/uuid:131657d0-c54a-11e3-aec3-005056827e52
|y Digitalizovaný dokument
|x NDK
|
| 910 |
|
|
|a BOA001
|b 2-0393.964
|b PK-0018.647
|
| 920 |
|
|
|a 000701214
|
| 964 |
|
|
|a Ruština - přízvuk slovní - příručky
|
| 990 |
|
|
|a BK
|
| 996 |
6 |
|
|b 2619723120
|c 2-0393.964
|l MZK
|r Sklad / do 24 hodin
|n 3
|w 000545529
|u 000010
|a 1
|e BOA001
|j MZK50
|s P
|
| 996 |
6 |
|
|b 3119677463
|c PK-0018.647
|l MZK
|r Sklad / do 1 hodiny
|n 6
|w 000545529
|u 000020
|a 1
|e BOA001
|j MZK50
|s P
|
| 996 |
6 |
|
|b BC-130774
|c PK-0018.647
|l MZK
|r Sklad / do 1 hodiny
|n 0
|w 000545529
|u 000030
|a 1
|e BOA001
|j MZK50
|s P
|
| 996 |
6 |
|
|b BC-130775
|c PK-0018.647
|l MZK
|r Sklad / do 1 hodiny
|n 0
|w 000545529
|u 000040
|a 1
|e BOA001
|j MZK50
|s P
|